|
|
|
|
| LEADER |
00669 a2200205 4500 |
| 005 |
20151026133323.0 |
| 008 |
140621b xxu||||| |||| 00| 0 eng d |
| 020 |
|
|
|a 9780070699717
|
| 080 |
|
|
|a 681.2
|b PAT"2013"
|
| 100 |
|
|
|a Patranabis, D
|9 13238
|
| 245 |
|
|
|a Principles of industrial instrumentaion
|
| 250 |
|
|
|a 3rd ed
|
| 260 |
|
|
|c 2013
|b McGraw Hill Education
|a New Delhi
|
| 300 |
|
|
|a xiv, 560p.
|
| 653 |
|
|
|a Metrology
|
| 653 |
|
|
|a Telemetry
|
| 653 |
|
|
|a Power plant instruments
|
| 942 |
|
|
|c BK
|6 _
|
| 999 |
|
|
|c 68205
|d 68205
|
| 952 |
|
|
|0 0
|1 0
|2 udc
|4 0
|6 6812_PAT2013
|7 0
|9 80282
|a UL
|b UL
|d 2014-01-21
|g 0.00
|l 8
|o 681.2 PAT "2013"
|p 00070678
|r 2015-04-20
|s 2015-03-21
|v 0.00
|w 2014-01-21
|y BK
|